Research programme 1968-1972

Bibliographic Details
Corporate Authors: FOREST Research Institute, Institut Penyelidikan Perhutanan Malaysia (FRIM)
Format: Book
Published: Kuala Lumpur : Forest Research Institute , 1972
Series:Research pamphlet ; no. 62
Subjects:

MARC

LEADER 00000cam a2200000 7i4500
001 0000002984
005 20040330.0
090 0 0 |a RP 634.9   |b FRI 1972 
110 1 0 |a FOREST Research Institute 
245 1 0 |a Research programme 1968-1972 
260 0 0 |a Kuala Lumpur :   |b Forest Research Institute ,   |c 1972 
300 |a v, 78 p. ;   |c 34 cm. 
440 0 0 |a Research pamphlet ; no. 62 
650 0 0 |a Forests and forestry 
710 1 1 |a Institut Penyelidikan Perhutanan Malaysia (FRIM) 
998 |a JPSM 
999 |a 0000005279   |b Monograph   |c Open Shelf   |e Default branch 
999 |a 0000005280   |b Monograph   |c Open Shelf   |e Default branch